00656naa a2200181 4500001000700000003000900007005001700016008004100033021000700074035002200081040001300103100002500116245017800141520002800319650002300347700002400370773008000394182844ES-MaBCM20260407062542.0110218s2010 gbr|r0p 0 ||eng d axx a(OCoLC)1365166003 cES-MaBCM1 aBächtiger, André00aWhen deliberative theory meets empirical political scienceb: theoretical and methodological challenges in political deliberationcAndré Bächtiger and Dominik Hangartner3 aContiene bibliografía27aCiencia política1 aHangartner, Dominik0 aEn:tPolitical studiesdOxfordw104492gVol.58, n.4 (Oct. 2010), p. 609-629